[Event "Open"]
[Site "Antalya TUR"]
[Date "2002.02.01"]
[Round "8"]
[White "Atoofi,P"]
[Black "Beshukov,S"]
[Result "0-1"]
[WhiteElo "2286"]
[BlackElo "2465"]

1.e4 c5 2.Nf3 Nc6 3.d4 cxd4 4.Nxd4 e6 5.Nc3 Qc7 6.Be2 a6 7.O-O Nf6 8.Be3 Bb4
9.Nxc6 bxc6 10.Qd4 c5 11.Qc4 Bb7 12.Bf3 Qe5 13.Na4 Nxe4 14.Bxe4 Qxe4 15.Qxe4 Bxe4
16.c3 Ba5 17.Nxc5 Bc6 18.b4 Bc7 19.a4 Ke7 20.f4 Rhb8 21.Nb3 f6 22.Rfe1 Kf7
23.Red1 d6 24.Nd2 h6 25.Rdb1 d5 26.h4 Bd6 27.Nb3 g5 28.fxg5 hxg5 29.hxg5 f5
30.Rf1 Rh8 31.Bf4 e5 32.Be3 Kg6 33.Na5 Bd7 34.Nb7 Bc7 35.Rfd1 Bc6 36.Nc5 f4
37.Bf2 Rh5 38.Nxa6 Rah8 39.Bd4 Bd6 40.Bc5 Bxa4 41.Re1 Bxc5+ 42.Nxc5 Bb5 43.Kf2 Rxg5
44.Ne6 Rf5 45.Rh1 Rxh1 46.Rxh1 Bc4 47.Rb1 Rf6 48.Nc5 e4 49.Rd1 Kf5 50.Rh1 Kg5
51.Rh8 f3 52.Rg8+ Kh6 53.Re8 fxg2+ 54.Kxg2 Rf3 55.Re6+ Kg5 56.Nxe4+ dxe4
57.Rxe4 Rxc3 58.Rd4 Be6 59.Kf2 Kf6 60.Ke2 Ke5 61.Rh4 Bf5 62.Kd2 Rb3 63.Rc4 Be4
64.Rc3 Rb2+ 65.Ke3 Bd5 66.b5 Rxb5 67.Kd3 Rb4 68.Ke3 Rh4 69.Rd3 Bc4 70.Rc3 Kd5
71.Rc2 Rh3+ 72.Kf4 Kd4 73.Rd2+ Bd3 74.Rd1 Rh8 75.Ra1 Rf8+ 76.Kg5 Be4 77.Ra4+ Ke5
78.Ra5+ Bd5 79.Ra6 Rf1 80.Ra4 Rf5+ 81.Kg6 Rf8 82.Ra7 Rf2 83.Ra5 Rg2+ 84.Kh5 Ke4
85.Ra4+ Kf5 86.Kh4 Be4 87.Kh3 Rg7 88.Ra5+ Kf4 89.Kh2 Rg2+ 90.Kh3 Rg7 91.Kh2 Rg2+
92.Kh3 Rg1 93.Ra2 Rg8 94.Ra1 Ke5  0-1

[Event "TCh-FRA Nat 1"]
[Site "Monaco FRA"]
[Date "2002.02.01"]
[Round "1"]
[White "Moreno Carnero,J"]
[Black "Andersson,U"]
[Result "1/2-1/2"]
[WhiteElo "2503"]
[BlackElo "2598"]

1.e4 c5 2.Nf3 e6 3.d4 cxd4 4.Nxd4 Nc6 5.Nc3 a6 6.Nxc6 bxc6 7.Bd3 d5 8.O-O Nf6
9.Qe2 Be7 10.b3 O-O 11.Bb2 Bb7 12.Rae1 Re8 13.Na4 Qc7 14.e5 Nd7 15.c4 dxc4
16.Bxc4 Nb6 17.Nxb6  1/2-1/2

[Event "Open"]
[Site "Bermuda BER"]
[Date "2002.02.02"]
[Round "2"]
[White "Patterson,Ro"]
[Black "Handke,F"]
[Result "0-1"]
[WhiteElo "2173"]
[BlackElo "2450"]

1.e4 c5 2.Nf3 Nc6 3.Nc3 e6 4.d4 cxd4 5.Nxd4 Qc7 6.Be2 a6 7.O-O Nf6 8.Be3 Bb4
9.Na4 Be7 10.Nxc6 bxc6 11.Nb6 Rb8 12.Nxc8 Qxc8 13.e5 Nd5 14.Bd4 c5 15.c4 cxd4
16.cxd5 Rxb2 17.Qd3 O-O 18.Rfc1 Qb7 19.Bf3 Qb6 20.Rc4 Rxf2 21.Kxf2 Qb2+ 22.Kg3 Qxa1
23.Qxd4 Qxa2 24.Ra4 Qc2 25.d6 Bg5 26.Rxa6 f6 27.Ra8 Rxa8 28.Bxa8 Qf5 29.h4 fxe5
30.Qe4 Bf4+ 31.Kf3 Qh5+ 32.g4 Qxh4 33.Qb7 Qg3+ 34.Ke2 Qe3+ 35.Kf1 Qd3+  0-1

[Event "39th BPCL ch-IND"]
[Site "Nagpur IND"]
[Date "2002.02.02"]
[Round "17"]
[White "Barua,D"]
[Black "Swathi,G"]
[Result "1/2-1/2"]
[WhiteElo "2515"]
[BlackElo "2362"]

1.e4 c5 2.Nf3 e6 3.d4 cxd4 4.Nxd4 Nc6 5.Nc3 Nf6 6.Ndb5 d6 7.Bf4 e5 8.Bg5 a6
9.Na3 b5 10.Nd5 Be7 11.Bxf6 Bxf6 12.c3 Bg5 13.Nc2 Ne7 14.Ncb4 O-O 15.h4 Bh6
16.Nxe7+ Qxe7 17.Nd5 Qb7 18.g4 Bf4 19.Qf3 Be6 20.Nxf4 exf4 21.Bg2 b4 22.O-O bxc3
23.bxc3 Rac8 24.Qxf4 Rxc3 25.g5 Bh3 26.Bxh3 Rxh3 27.Rab1 Qe7 28.Kg2 Ra3 29.Rb2 f6
30.Qf5 fxg5 31.Qd5+ Kh8 32.hxg5 Qd8 33.f4 Qc8 34.f5 Qc3 35.Rb3 Rxa2+ 36.Rf2 Rxf2+
37.Kxf2 Qc1 38.g6 Rc8 39.Kf3 h6 40.Kg4 Qg5+ 41.Kf3 Qh5+ 42.Kg3 Qg5+ 43.Kf3  1/2-1/2

[Event "TCh-FRA Nat 1"]
[Site "Monaco FRA"]
[Date "2002.02.03"]
[Round "3"]
[White "Mullon,J"]
[Black "Andersson,U"]
[Result "0-1"]
[WhiteElo "2296"]
[BlackElo "2598"]

1.e4 c5 2.Nf3 e6 3.d4 cxd4 4.Nxd4 Nc6 5.Nc3 a6 6.Be2 d6 7.O-O Nf6 8.Kh1 Be7
9.f4 Qc7 10.Bf3 O-O 11.g4 Nxd4 12.Qxd4 Nd7 13.g5 b5 14.a4 Bb7 15.axb5 axb5
16.Nxb5 Qxc2 17.Na3 Qb3 18.Qe3 Nc5 19.Qxb3 Nxb3 20.Rb1 Rfc8 21.Be3 Ra4 22.e5 Bxf3+
23.Rxf3 d5 24.f5 exf5 25.Rxf5 d4 26.Bg1 d3 27.Rf3 Nd2 28.Rxd3 Nxb1 29.Nxb1 Rc1
30.Nc3 Raa1 31.Ne2 Re1 32.Rd2 Bxg5 33.Rc2 h6 34.Kg2 Red1 35.Bd4 Ra4 36.Rc8+ Kh7
37.Bc3 Rd7 38.Rc6 Bd2 39.e6 fxe6 40.Rxe6 Bxc3 41.bxc3 Rd3 42.Re7 Ra2 43.Kf1 Ra4
44.Kg2 Rg4+ 45.Kf2 Rh3  0-1

[Event "Mimoza Open"]
[Site "Herceg Novi YUG"]
[Date "2002.02.04"]
[Round "1"]
[White "Brajovic,R"]
[Black "Rajkovic,Du"]
[Result "1-0"]
[WhiteElo "2257"]
[BlackElo "2511"]

1.e4 c5 2.Nf3 e6 3.d4 cxd4 4.Nxd4 Nc6 5.Nc3 Qc7 6.Be2 a6 7.f4 b5 8.Nxc6 Qxc6
9.Bf3 Bb7 10.Be3 Qc7 11.Qd4 Rc8 12.a3 h5 13.O-O-O Nf6 14.Rd2 Bxa3 15.e5 Qxc3
16.Bxb7 Bxb2+ 17.Kb1 Rc7 18.exf6 Qxd4 19.Rxd4 Bxd4 20.Bxd4 Rxb7 21.fxg7 Rg8
22.Bf6 d6 23.h4 Rc7 24.g4 Rc5 25.f5 Kd7 26.Rf1 exf5 27.gxh5 f4 28.h6 Rh5
29.Bg5 f6 30.Bxf4 Rxh6 31.Bxh6 Ke6 32.Rg1 Kf7 33.Rg2 Re8 34.Bf4 d5 35.h5 Kg8
36.h6 Rc8  1-0

[Event "FSIM February"]
[Site "Budapest HUN"]
[Date "2002.02.05"]
[Round "4"]
[White "Hajnal,Z"]
[Black "Erdelyi,Z"]
[Result "0-1"]
[WhiteElo "2403"]
[BlackElo "2215"]

1.e4 c5 2.Nf3 e6 3.d4 cxd4 4.Nxd4 Nc6 5.Nc3 Qc7 6.Be3 a6 7.Bd3 Nf6 8.O-O Ne5
9.h3 Bc5 10.Kh1 d6 11.f4 Ned7 12.Qd2 b5 13.a3 Bb7 14.f5 e5 15.Nde2 Qb6 16.Bg1 O-O
17.Ng3 Bc6 18.Be2 Bxg1 19.Rxg1 Qf2 20.Kh2 Nc5 21.Qe1 Nfxe4 22.Ncxe4 Nxe4
23.Bf3 Qxg3+ 24.Qxg3 Nxg3 25.Bxc6 Rac8 26.Bb7 Rb8 27.Kxg3 Rxb7 28.Rgd1 Rd8
29.Rd5 Kf8 30.c3 Ke7 31.Kf3 Rc8 32.Rad1 Rb6 33.Ke3 Rc4 34.g3 a5 35.R1d3 h6
36.b3 Rcc6 37.c4 bxc4 38.bxc4 a4 39.Rc3 Rc5 40.Rxc5 dxc5 41.Ke4 Rb3 42.Rc1 Rxg3
43.Kd5 Rxa3 44.Kxc5 Kd7 45.h4 Rf3 46.Rg1 Rxf5 47.Kb6 Rf6+ 48.Kb7 Rf4 49.Rd1+ Ke6
50.c5 Rb4+ 51.Kc7 Rxh4 52.Rc1 a3  0-1

[Event "Aeroflot Open"]
[Site "Moscow RUS"]
[Date "2002.02.05"]
[Round "2"]
[White "Macieja,B"]
[Black "Vorobiov,E"]
[Result "1/2-1/2"]
[WhiteElo "2612"]
[BlackElo "2534"]

1.e4 c5 2.Nc3 e6 3.Nf3 Nc6 4.d4 cxd4 5.Nxd4 Qc7 6.Be3 a6 7.Be2 Nf6 8.a3 Be7
9.f4 d6 10.g4 d5 11.exd5 Nxd5 12.Nxd5 Bh4+ 13.Bf2 Bxf2+ 14.Kxf2 exd5 15.Qd2 O-O
16.c3 Qe7 17.h4 Bd7 18.h5 h6 19.Rag1 Rfe8 20.Bf3 Rac8 21.Nxc6 Rxc6 22.Re1 Qc5+
23.Kg2 Rce6 24.Rxe6 Rxe6 25.Re1 b6 26.Re5 Rxe5 27.fxe5 Be6 28.g5 Qe7 29.gxh6 Qh4
30.hxg7 Bh3+ 31.Kg1 Qg3+ 32.Bg2 Bxg2 33.Qf2 Qxe5 34.Kxg2 Qg5+ 35.Kf1 Qc1+
36.Kg2 Qg5+ 37.Kf1 Qc1+  1/2-1/2

[Event "Aeroflot Open"]
[Site "Moscow RUS"]
[Date "2002.02.05"]
[Round "2"]
[White "Galkin,A"]
[Black "Tunik,G"]
[Result "1/2-1/2"]
[WhiteElo "2570"]
[BlackElo "2469"]

1.e4 c5 2.Nf3 e6 3.d4 cxd4 4.Nxd4 Nc6 5.Nc3 a6 6.Be2 Qc7 7.O-O Nf6 8.Be3 Bb4
9.Na4 Be7 10.Nxc6 bxc6 11.Nb6 Rb8 12.Nxc8 Qxc8 13.Bd4 c5 14.Be5 Rb6 15.Qd3 O-O
16.b3 d5 17.exd5 Nxd5 18.Rad1 Bf6 19.Bxf6 Nxf6 20.Rd2 Qc7 21.Rfd1 h6 22.c3 a5
23.Qc4 Rbb8 24.Bf3 Rfd8 25.h3 Rxd2 26.Rxd2 Nd7 27.Be2 Nb6 28.Qd3 a4 29.c4 axb3
30.axb3 Ra8 31.Qd6 Ra1+ 32.Kh2 Ra7 33.Bf3 Nd7 34.Bc6 Ne5 35.Be4 g5 36.Qxc7  1/2-1/2

[Event "Aeroflot Open"]
[Site "Moscow RUS"]
[Date "2002.02.05"]
[Round "2"]
[White "Guseinov,K"]
[Black "Bar,R"]
[Result "1/2-1/2"]
[WhiteElo "2527"]
[BlackElo "2418"]

1.e4 c5 2.Nc3 Nc6 3.Nf3 e6 4.d4 cxd4 5.Nxd4 Qc7 6.g3 a6 7.Bg2 Nf6 8.O-O Bc5
9.Nb3 Ba7 10.Qe2 Ne5 11.Kh1 d6 12.Nd2 O-O 13.a4 Bd7 14.f4 Nc6 15.g4 Nd4 16.Qd1 Nxg4
17.Qxg4 Nxc2 18.Rb1 Ne3 19.Qg3 Nxf1 20.Nxf1 Kh8 21.Be3 b5 22.Bxa7 Rxa7 23.Ne3 bxa4
24.Ne2 f6 25.f5 e5 26.Nc3 Rb7 27.Ncd5 Qc5 28.Qe1  1/2-1/2

[Event "FSGM February"]
[Site "Budapest HUN"]
[Date "2002.02.06"]
[Round "5"]
[White "Kosanovic,G"]
[Black "Horvath,P1"]
[Result "1-0"]
[WhiteElo "2428"]
[BlackElo "2478"]

1.e4 c5 2.Nc3 Nc6 3.Nge2 e6 4.d4 cxd4 5.Nxd4 Nf6 6.Nxc6 bxc6 7.e5 Nd5 8.Ne4 Qc7
9.f4 Qb6 10.c4 Bb4+ 11.Ke2 f5 12.Nf2 Ba6 13.Kf3 Nc7 14.Be3 Qb7 15.Kg3 Be7
16.b3 O-O-O 17.h4 d6 18.exd6 Bxd6 19.Qc2 Ne8 20.Be2 Nf6 21.Kh3 e5 22.Qxf5+ Kb8
23.Rad1 Qe7 24.Qg5 Bc8+ 25.Kh2 h6 26.Qg3 g5 27.fxg5 hxg5 28.Bxg5 Kb7 29.Kg1 e4
30.Qe3 Bf5 31.g3 Bc7 32.b4 Qe6 33.Kg2 Bb6 34.c5 Bc7 35.b5 Nd5 36.bxc6+ Qxc6
37.Qb3+ Ka8 38.Qb5 Qg6 39.Bc4 Nc3 40.Qb3 e3 41.Qxc3 Qc6+ 42.Kh2 Qf3 43.Rxd8+ Rxd8
44.Qxe3 Bxg3+ 45.Kg1 Bxf2+ 46.Qxf2 Rd1+ 47.Bf1 Qd5 48.Kh2 Be4 49.Rg1 Ra1
50.Qf8+  1-0

[Event "Aeroflot Open"]
[Site "Moscow RUS"]
[Date "2002.02.06"]
[Round "3"]
[White "Shabanov,Y"]
[Black "Kogan,A"]
[Result "1/2-1/2"]
[WhiteElo "2463"]
[BlackElo "2568"]

1.e4 c5 2.Nf3 e6 3.d4 cxd4 4.Nxd4 Nc6 5.Nc3 Qc7 6.Be2 a6 7.O-O Nf6 8.Kh1 h5
9.f4 Nxd4 10.Qxd4 Bc5 11.Qd3 Ng4 12.e5 d5 13.exd6 Bxd6 14.Ne4 Be7 15.Qd4 O-O
16.h3 Nh6 17.Qc3 Qxc3 18.Nxc3 Nf5 19.Kh2 h4 20.Bd3 Rd8 21.Na4 Ng3 22.Rd1 Bf6
23.Nb6 Rb8 24.c3 Nf5 25.Bc2 Rxd1 26.Bxd1 Be7 27.Bc2 Bc5 28.Nxc8 Rxc8 29.Bd2 Rd8
30.Rd1 Bf2 31.Bc1 Rxd1 32.Bxd1 Nd6 33.Bf3 f6 34.b3 Kf7 35.Ba3 Nb5 36.Bb4 b6
37.a4 Nc7 38.a5 Nd5 39.f5 b5 40.Bh5+ g6 41.Bxg6+ Kg7 42.Be8 exf5 43.Bc6 Bg3+  1/2-1/2

[Event "Aeroflot Open"]
[Site "Moscow RUS"]
[Date "2002.02.07"]
[Round "4"]
[White "Galliamova,A"]
[Black "Bar,R"]
[Result "1/2-1/2"]
[WhiteElo "2514"]
[BlackElo "2418"]

1.e4 c5 2.Nf3 Nc6 3.d4 cxd4 4.Nxd4 e6 5.Nc3 Qc7 6.f4 Nxd4 7.Qxd4 a6 8.Bd3 b5
9.Bd2 Nf6 10.b4 Bb7 11.O-O Be7 12.a4 bxa4 13.Rxa4 Qc6 14.Qf2 O-O 15.Kh1 d5
16.exd5 exd5 17.b5 axb5 18.Bxb5 Qc7 19.Qe2 Bc5 20.Bd3 Rfe8 21.Rxa8 Bxa8 22.Qd1 d4
23.Nb5 Qc6 24.Rf2 Ne4 25.Re2 f5 26.Be1 Kh8 27.Ba5 Re7 28.Bd8 Re8 29.Ba5 Re7
30.Qe1 Bb7  1/2-1/2

[Event "Aeroflot Open"]
[Site "Moscow RUS"]
[Date "2002.02.07"]
[Round "4"]
[White "Efimenko,Z"]
[Black "Sandipan,C"]
[Result "1/2-1/2"]
[WhiteElo "2546"]
[BlackElo "2452"]

1.e4 c5 2.Nf3 e6 3.Nc3 Nc6 4.d4 cxd4 5.Nxd4 Qc7 6.Be2 a6 7.O-O Nf6 8.Be3 d6
9.f4 Be7 10.Kh1 O-O 11.Qe1 Bd7 12.Qg3 b5 13.e5 Ne8 14.Ne4 dxe5 15.fxe5 Nxd4
16.Bxd4 Bc6 17.Bd3 Bxe4 18.Bxe4 Rc8 19.a4 Bc5 20.Bxc5 Qxc5 21.axb5 axb5 22.Ra3 b4
23.Qh4 h6 24.Rg3 Qxe5 25.Bd3 f5 26.Qxb4 Rb8 27.Qd2 Nf6 28.b3 Ne4 29.Bxe4 fxe4
30.Re1 Rf4 31.Qc3 Qxc3 32.Rxc3 Rd8 33.Kg1 Rd2 34.Rf1 Rf5 35.b4 Rg5 36.g3 Rb5
37.Rc4 Re5 38.Rc7 e3 39.Rc3 Rb5 40.Rxe3  1/2-1/2

[Event "Aeroflot Open"]
[Site "Moscow RUS"]
[Date "2002.02.08"]
[Round "6"]
[White "Efimenko,Z"]
[Black "Tunik,G"]
[Result "1/2-1/2"]
[WhiteElo "2546"]
[BlackElo "2469"]

1.e4 c5 2.Nf3 e6 3.Nc3 Nc6 4.d4 cxd4 5.Nxd4 a6 6.Be3 Qc7 7.Bd3 b5 8.O-O Bb7
9.Qe2 Nf6 10.Kh1 Be7 11.f4 d6 12.a4 b4 13.Na2 Nxd4 14.Bxd4 e5 15.Bg1 Qa5
16.Qe1 Qxa4 17.Nxb4 Qd7 18.c4 exf4 19.Nd5 Bxd5 20.exd5 O-O 21.Rxf4 Nh5 22.Rf3 g6
23.b4 Rfe8 24.Qf1 Bg5 25.c5 Qg4 26.c6 Qxb4 27.Bxa6 Re7 28.Rb1 Qd2 29.Bb6 Qxd5
30.c7 Qc6 31.Ba5 Rxc7 32.Bb5 Qxf3 33.Qxf3 Rxa5 34.Bf1 Rac5 35.Rd1 Be7 36.Qe3 Kg7
37.Be2 Nf6 38.Bf3 h5 39.h3 Re5 40.Qd4 Rcc5 41.Rb1 Rb5 42.Rc1 Rec5 43.Re1 Re5
44.Rc1 Rbc5 45.Rb1 Rb5  1/2-1/2

[Event "Aeroflot Open"]
[Site "Moscow RUS"]
[Date "2002.02.08"]
[Round "6"]
[White "Karjakin,Sergey"]
[Black "Goloshchapov,A"]
[Result "1/2-1/2"]
[WhiteElo "2460"]
[BlackElo "2545"]

1.e4 c5 2.Nf3 e6 3.d4 cxd4 4.Nxd4 Nc6 5.Nc3 Qc7 6.Be2 a6 7.O-O b5 8.Nxc6 dxc6
9.f4 Bb7 10.Bf3 Bc5+ 11.Kh1 Ne7 12.f5 O-O 13.Bh5 Kh8 14.f6 Ng6 15.Bg5 Bd6
16.fxg7+ Kxg7 17.Bf6+ Kg8 18.Bxg6 fxg6 19.Qg4 Rae8 20.Qg5 e5 21.Rf3 Re6 22.Raf1 Be7
23.Bxe7 Rxf3 24.Rxf3 Qxe7 25.Qxe7 Rxe7 26.Rd3 Kf7 27.Kg1 Rc7 28.a3 Ke7 29.Kf2 Bc8
30.Ke3 Be6 31.Rd2 Rc8 32.Ne2 Rd8  1/2-1/2

[Event "13th Asian Cities"]
[Site "Aden YEM"]
[Date "2002.02.09"]
[Round "4"]
[White "Al Sayed,Mohamad"]
[Black "Suhail,A"]
[Result "1-0"]
[WhiteElo "2413"]
[BlackElo "2280"]

1.e4 c5 2.Nf3 Nc6 3.Nc3 e6 4.d4 cxd4 5.Nxd4 Nf6 6.Ndb5 Bb4 7.a3 Bxc3+ 8.Nxc3 d5
9.exd5 exd5 10.Bd3 O-O 11.O-O d4 12.Ne2 h6 13.h3 a6 14.b4 Re8 15.Bb2 Ne4
16.Bxe4 Rxe4 17.Qd3 Qh4 18.Ng3 Re8 19.Rad1 Bxh3 20.gxh3 Ne5 21.Qe2 Qxh3 22.Qe4 h5
23.Qg2 Qg4 24.f3 Qg6 25.Bxd4 Rac8 26.c3 Nc6 27.Ne4 Nxd4 28.cxd4 Qb6 29.Kh1 Re6
30.d5 Rg6 31.Qh3 Qd8 32.d6 Rc4 33.Rc1 b5 34.Rxc4 bxc4 35.Rc1 f5 36.Rxc4 Qb6
37.Rc8+  1-0

[Event "FSIM February"]
[Site "Budapest HUN"]
[Date "2002.02.09"]
[Round "8"]
[White "Chevaldonnet,F"]
[Black "Erdelyi,Z"]
[Result "1/2-1/2"]
[WhiteElo "2254"]
[BlackElo "2215"]

1.e4 c5 2.Nf3 e6 3.d4 cxd4 4.Nxd4 Nc6 5.Nc3 Qc7 6.g3 a6 7.Bg2 Nf6 8.O-O Bc5
9.Nb3 Ba7 10.Qe2 d6 11.Be3 Bxe3 12.Qxe3 Ne5 13.Nd2 Bd7 14.h3 O-O 15.f4 Nc6
16.g4 d5 17.exd5 exd5 18.Nb3 Nb4 19.Rf2 Rac8 20.a3 Rfe8 21.Qd2 Nc6 22.Nxd5 Nxd5
23.Qxd5 Rcd8 24.Qc5 b6 25.Qc3 Rc8 26.Nd4 Nxd4 27.Qxd4 Red8 28.Qe3 Re8 29.Qf3 Re6
30.Rd1 Bc6 31.Qc3 Qe7 32.Qb4 Qh4 33.Bxc6 Rexc6 34.Qb3 h5 35.g5 Rc4 36.Qe3 R4c6
37.c3 Re6 38.Qf3 Rce8 39.Rd3 f6 40.Qg3 fxg5 41.Qxg5 Qxg5+ 42.fxg5 Re1+ 43.Kg2 R8e5
44.g6 Rg5+ 45.Rg3 Rg1+ 46.Kxg1 Rxg3+ 47.Rg2 Rxh3 48.Kf1 Rf3+ 49.Ke2 Rf6 50.Ke3 Kf8
51.c4 Ke7 52.Ke4 Rc6 53.Kd5 Rc5+ 54.Kd4 h4 55.Rf2 Rg5 56.Rf7+ Ke6 57.Rxg7 Rg4+
58.Kc3 Kf6 59.Rb7 Rxg6 60.Rxb6+ Kg5 61.Rb8 h3 62.Rd8 h2 63.Rd1 Kh4 64.Rh1 Kh3
65.b4 Rg3+ 66.Kd4 Rxa3 67.b5 axb5 68.cxb5 Kg2 69.Rxh2+ Kxh2 70.b6 Kg3 71.Kd5 Kf4
72.Kd6 Rd3+ 73.Kc7 Rc3+ 74.Kd6 Rb3 75.Kc7 Ke5 76.b7 Rxb7+  1/2-1/2

[Event "FSGM February"]
[Site "Budapest HUN"]
[Date "2002.02.09"]
[Round "8"]
[White "Dembo,Y"]
[Black "Medvegy,Z"]
[Result "0-1"]
[WhiteElo "2346"]
[BlackElo "2478"]

1.e4 c5 2.Nf3 e6 3.d4 cxd4 4.Nxd4 Nc6 5.Nc3 Qc7 6.Be3 a6 7.Bd3 Nf6 8.O-O Bd6
9.h3 Bf4 10.Bxf4 Qxf4 11.Nde2 Qc7 12.Kh1 d6 13.f4 b5 14.Ng3 h5 15.e5 dxe5
16.f5 h4 17.Nge4 Nxe4 18.Bxe4 exf5 19.Bxf5 Bxf5 20.Rxf5 Nd4 21.Rh5 Rxh5 22.Qxh5 O-O-O
23.Qxh4 b4 24.Ne2 f5 25.Nxd4 Rxd4 26.Qh5 Qd7 27.Qe2 Qd6 28.Qf3 g6 29.Qa8+ Kc7
30.Qa7+ Kd8 31.c3 bxc3 32.bxc3 Rd1+ 33.Rxd1 Qxd1+ 34.Kh2 Qd6 35.c4 e4+ 36.Kh1 Qd3
37.Qb8+ Kd7 38.Qb7+ Kd6 39.Qxa6+ Ke5 40.Qa5+ Kd4 41.c5 Qf1+ 42.Kh2 Qf4+ 43.Kh1 Qc1+
44.Kh2 f4 45.Qa4+ Ke3 46.c6 f3 47.Qa7+ Ke2 48.c7 Qf4+ 49.Kh1 Qc1+ 50.Kh2 Qc6
51.gxf3 exf3 52.Kg3 Qd6+ 53.Kg4 Qe6+ 54.Kg5 f2 55.Qc5 f1=Q 56.Qc2+ Ke3 57.Qc3+ Ke4
58.Qc2+ Kf3 59.Qc3+ Kg2 60.c8=Q Qff5+ 61.Kh6 Qh5+  0-1

[Event "XVIII Open"]
[Site "Cappelle la Grande FRA"]
[Date "2002.02.09"]
[Round "1"]
[White "Kountz,J"]
[Black "Neverov,V"]
[Result "1/2-1/2"]
[WhiteElo "2359"]
[BlackElo "2578"]

1.e4 c5 2.Nf3 e6 3.Nc3 Nc6 4.d4 cxd4 5.Nxd4 Qc7 6.Be2 a6 7.O-O Nf6 8.Kh1 Bb4
9.Qd3 Qd6 10.Nxc6 Qxd3 11.Bxd3 bxc6 12.e5 Ng4 13.f4 f6 14.h3 Nh6 15.exf6 gxf6
16.f5 Nxf5 17.Bxf5 exf5 18.Rxf5 Be7 19.Ne4 Rf8 20.Rh5 d5 21.Ng3 Bd6 22.Nf5 Be5
23.Bh6 Rg8 24.Re1 Kd8 25.Bd2 Bxf5 26.Rxf5 Bxb2 27.c4 dxc4 28.Rc5 Rc8 29.Rxc4 Re8
30.Rb1 Be5 31.Rb6 Re6 32.Rxa6 Rd6 33.Ba5+ Kd7 34.g4 c5 35.Ra7+ Kc6 36.Rc2 Rd7
37.Rxc5+ Kxc5 38.Rxd7 Kb5 39.Bd2 Rc2 40.a3 Ra2 41.g5 Rxa3 42.gxf6 Bxf6 43.Kg2 Kc6
44.Rf7 Bd4 45.Bh6 Ra7  1/2-1/2

[Event "10th Open"]
[Site "Valle d'Aosta ITA"]
[Date "2002.02.09"]
[Round "1"]
[White "Astengo,C"]
[Black "Jakovenko,D"]
[Result "0-1"]
[WhiteElo "2174"]
[BlackElo "2553"]

1.e4 c5 2.Nf3 e6 3.d4 cxd4 4.Nxd4 Nc6 5.Nc3 Qc7 6.Be3 a6 7.Bd3 Nf6 8.O-O b5
9.f4 Bc5 10.Nce2 Ng4 11.Qd2 g5 12.c3 Nxe3 13.Qxe3 gxf4 14.Nxf4 Qd6 15.e5 Qxe5
16.Qf3 Bb7 17.Rae1 Nxd4 18.Qxb7 Nf3+ 19.Kh1 Nxe1 20.Qxa8+ Ke7 21.Qe4 Nxd3
22.Qxd3 Bd6 23.Qh3 Qg5 24.Ne2 Rg8 25.Qf3 f5 26.Nd4 Qh4 27.h3 Qg3 28.Qxg3 Bxg3
29.Rd1 h5 30.Kg1 d5 31.a4 bxa4 32.Ra1 Be5 33.Nf3 Kf6 34.Rxa4 Rb8 35.Ra2 Rb6
36.Kf2 Bd6 37.Ke2 e5 38.Kd2 e4 39.Nd4 f4 40.b4 Be5 41.Nb3 Kf5 42.Nc5 Rg6  0-1

[Event "XVIII Open"]
[Site "Cappelle la Grande FRA"]
[Date "2002.02.10"]
[Round "2"]
[White "Lalic,B"]
[Black "Demina,J"]
[Result "1-0"]
[WhiteElo "2523"]
[BlackElo "2342"]

1.e4 c5 2.Nf3 e6 3.d4 cxd4 4.Nxd4 Nc6 5.Nc3 Qc7 6.Be2 a6 7.O-O Nf6 8.Be3 Bb4
9.Na4 Bd6 10.g3 Nxd4 11.Bxd4 Nxe4 12.Qd3 Qc6 13.Bf3 Qxa4 14.Bxe4 e5 15.Rfe1 Kf8
16.Bc3 Bc7 17.Qf3 d6 18.Bxb7 Bg4 19.Qe3 Rd8 20.Qa7 Bf5 21.Be4 Bxe4 22.Qxc7 Re8
23.Qxd6+ Kg8 24.b3 Qc6 25.Qxc6 Bxc6 26.Rxe5 Rxe5 27.Bxe5 h5 28.Rd1 Rh6 29.f4 Be4
30.c4 h4 31.g4 f6 32.Bc3 h3 33.Kf2 Rg6 34.Rd4 Bb1 35.f5 Rh6 36.c5  1-0

[Event "Mimoza Open"]
[Site "Herceg Novi YUG"]
[Date "2002.02.10"]
[Round "9"]
[White "Djukic,Ni"]
[Black "Rajkovic,Du"]
[Result "1/2-1/2"]
[WhiteElo "2383"]
[BlackElo "2511"]

1.e4 c5 2.Nf3 e6 3.d4 cxd4 4.Nxd4 Nc6 5.Nc3 Qc7 6.Be2 a6 7.O-O Nf6 8.Kh1 h5
9.f4 Nxd4 10.Qxd4 b5 11.e5 Ng4 12.Bf3 Bb7 13.Bxb7 Qxb7 14.Ne4 Rc8 15.Qd3 Be7
16.b3 h4 17.h3 Nh6 18.Be3 Nf5 19.Bf2 Ng3+ 20.Bxg3 hxg3 21.Rf3 f5 22.exf6 gxf6
23.Rxg3 Qd5 24.Qxd5 exd5 25.Nc3 d4 26.Nd5 Rc5 27.Nxe7 Kxe7 28.Rd1 Rxc2 29.Rxd4 Rxa2
30.Rg7+ Ke6 31.Rgxd7 Rc8 32.R7d6+ Kf5 33.R6d5+ Kg6 34.f5+ Kh5 35.Rg4 Rac2
36.Rg6 R8c5 37.Rxc5 Rxc5 38.Rxf6 a5 39.Ra6 b4 40.Kh2 Kg5 41.f6 Kg6 42.h4 Rc3
43.Rxa5 Kxf6 44.g3 Rxb3 45.Rb5 Ke7 46.Kh3 Rb1 47.Kg4 Kd6 48.h5 Kc6 49.Rb8 Kc7
50.Rf8 b3 51.Rf4 Kd6 52.Rb4 b2 53.Rb3  1/2-1/2

[Event "10th Open"]
[Site "Valle d'Aosta ITA"]
[Date "2002.02.10"]
[Round "2"]
[White "Jakovenko,D"]
[Black "Collas,D"]
[Result "1-0"]
[WhiteElo "2553"]
[BlackElo "2409"]

1.e4 c5 2.Nf3 e6 3.d4 cxd4 4.Nxd4 Nc6 5.Nc3 Qc7 6.Be2 a6 7.O-O Nf6 8.Be3 Na5
9.f4 Nc4 10.Bxc4 Qxc4 11.e5 Nd5 12.Nxd5 Qxd5 13.Qe2 b5 14.a4 b4 15.Rad1 Bb7
16.Nb3 Qe4 17.Rd4 Qg6 18.Na5 Be4 19.Rf2 Be7 20.Bc1 Bf5 21.Nb7 Ra7 22.Nd6+ Bxd6
23.exd6 a5 24.Be3 Ra8 25.b3 O-O 26.Rc4 Be4 27.Bb6 f5 28.Rc5 Qf6 29.Qd1 Qb2
30.Rc7 Rf7 31.Bd4 Qa2 32.Qd2 Ra6 33.Rf1 Rc6 34.Rxc6 dxc6 35.Rc1 Rd7 36.Be5 c5
37.Qe2 Rd8 38.Qb5 Qa3 39.Ra1  1-0

[Event "XVIII Open"]
[Site "Cappelle la Grande FRA"]
[Date "2002.02.11"]
[Round "3"]
[White "Balcerak,P"]
[Black "Gurevich,Vl"]
[Result "1/2-1/2"]
[WhiteElo "2172"]
[BlackElo "2476"]

1.e4 c5 2.Nf3 e6 3.d4 cxd4 4.Nxd4 Nc6 5.Nc3 Qc7 6.Be2 a6 7.O-O Nf6 8.Kh1 Nxd4
9.Qxd4 Bc5 10.Qd3 b5 11.f4 Bb7 12.Bf3 h5 13.e5 Ng4 14.Bxb7 Qxb7 15.Ne4 Rc8
16.a4 b4 17.c4 O-O 18.Ng5 g6 19.Ne4 Be7 20.b3 Rfd8 21.Bb2 Nh6 22.Rac1 Nf5
23.c5 Qd5 24.Rfd1 Qxd3 25.Rxd3 Rc6 26.Bd4 d5 27.exd6 Nxd6 28.Nxd6 Rdxd6 29.cxd6 Rxc1+
30.Bg1 Bd8 31.d7 Kf8 32.g3  1/2-1/2

[Event "FSIM February"]
[Site "Budapest HUN"]
[Date "2002.02.12"]
[Round "11"]
[White "Cooke,E"]
[Black "Erdelyi,Z"]
[Result "1/2-1/2"]
[WhiteElo "2195"]
[BlackElo "2215"]

1.e4 c5 2.Nf3 e6 3.d4 cxd4 4.Nxd4 Nc6 5.Nc3 Qc7 6.Be3 a6 7.Bd3 Nf6 8.O-O Ne5
9.h3 Bc5 10.Qe2 d6 11.Rad1 b5 12.a3 Bb7 13.b4 Bxd4 14.Bxd4 Ned7 15.Nb1 e5
16.Ba1 O-O 17.f4 Rfe8 18.Nd2 Rac8 19.fxe5 dxe5 20.c4 bxc4 21.Bxc4 Re7 22.Bb3 a5
23.bxa5 Qxa5 24.Qf3 Nc5 25.Ba2 Ncxe4 26.Nxe4 Bxe4 27.Qg3 Rc2 28.Rxf6 Rxa2
29.Rf2 Qb6 30.Qe3 Rxa1 31.Qxb6 Rxd1+ 32.Kh2 Rb7 33.Qc5 f6 34.Re2 Bf5 35.a4 h5
36.g4 Be6 37.Qc6 Bd5 38.Qe8+ Kh7 39.Qxh5+ Kg8 40.Qe8+ Kh7 41.Qh5+ Kg8  1/2-1/2

[Event "XVIII Open"]
[Site "Cappelle la Grande FRA"]
[Date "2002.02.12"]
[Round "4"]
[White "Yu Shaoteng"]
[Black "Handke,F"]
[Result "1/2-1/2"]
[WhiteElo "2522"]
[BlackElo "2450"]

1.e4 c5 2.Nf3 e6 3.d4 cxd4 4.Nxd4 Nc6 5.Nc3 Qc7 6.Be2 a6 7.O-O Nf6 8.Kh1 Nxd4
9.Qxd4 Bc5 10.Qd3 b5 11.f4 Bb7 12.Bf3 h5 13.e5 Ng4 14.Bxb7 Qxb7 15.Ne4 Rc8
16.Bd2 Be7 17.Rae1 Qc6 18.Qf3 Qd5 19.Nd6+ Bxd6 20.Qxd5 exd5 21.exd6+ Kf8
22.Re7 Nf6 23.Bc3 Rh6 24.Rfe1 Kg8 25.Bxf6 Rxf6 26.Rxd7 Kh7 27.Re5 Rxf4 28.h3 Rxc2
29.Rd8 Kg6 30.d7 Rf1+ 31.Kh2 Rff2 32.Rc8 Rxg2+ 33.Kh1 Rh2+ 34.Kg1 Rcg2+ 35.Kf1 Rxb2
36.Rg5+ Kxg5 37.d8=Q+ Kg6 38.Kg1 Rbg2+ 39.Kf1 Rxa2 40.Kg1 Rag2+ 41.Kf1 Ra2
42.Qd6+ Kh7 43.Kg1  1/2-1/2

[Event "Petrov Mem Open"]
[Site "St Petersburg RUS"]
[Date "2002.02.12"]
[Round "1"]
[White "Lobanov,K"]
[Black "Mirovshchikov,S"]
[Result "0-1"]
[WhiteElo "2126"]
[BlackElo "2402"]

1.e4 c5 2.Nf3 e6 3.d4 cxd4 4.Nxd4 Nc6 5.Nc3 d6 6.Be3 Nf6 7.Bc4 a6 8.Bb3 Na5
9.Qe2 Qc7 10.O-O-O b5 11.Kb1 Nxb3 12.cxb3 Bb7 13.Bg5 Be7 14.f4 O-O 15.Rd3 Rfe8
16.g4 b4 17.Bxf6 Bxf6 18.Nd1 g6 19.Nc2 a5 20.Rd2 e5 21.fxe5 Rxe5 22.Nf2 d5
23.Rhd1 Re7 24.Qb5 dxe4 25.Rd7 Qc6 26.Qxc6 Bxc6 27.R7d6 Re6 28.Rxe6 fxe6
29.Rd6 Bd5 30.Ne3 Be5 31.Rd7 Bxh2 32.Nxd5 exd5 33.Rxd5 e3 34.Nd3 e2 35.Kc2 Re8
36.Kd2 Bf4+ 37.Ke1 Bg3+ 38.Kd2 e1=Q+ 39.Nxe1 Bxe1+ 40.Kd1 Bh4 41.Rxa5 Re4
42.g5 Bf2  0-1

[Event "Petrov Mem Open"]
[Site "St Petersburg RUS"]
[Date "2002.02.12"]
[Round "1"]
[White "Tsigelnitskiy,I"]
[Black "Zakharstov,V"]
[Result "1/2-1/2"]
[WhiteElo "2321"]
[BlackElo "2531"]

1.e4 c5 2.Nf3 Nc6 3.d4 cxd4 4.Nxd4 e6 5.Nc3 Qc7 6.Be3 a6 7.Bd3 Nf6 8.O-O Be7
9.Kh1 O-O 10.f4 d6 11.a4 Nxd4 12.Bxd4 e5 13.Be3 exf4 14.Bxf4 Be6 15.Nd5 Bxd5
16.exd5 Nd7 17.Ra3 g6 18.Rc3 Qd8 19.Qf3 f5 20.Qg3 Nc5 21.Rxc5 dxc5 22.d6 Bf6
23.Bxf5 Bg7 24.Bd3 Qf6 25.h4 Qxb2 26.h5 gxh5 27.Qf3 Qd4 28.c3 Rxf4 29.cxd4 Rxf3
30.Rxf3 Bxd4 31.Bc4+ Kg7 32.Rf7+ Kg6 33.Rxb7 Rd8 34.d7 a5 35.Bb5 Kf6 36.Rb6+ Ke5
37.Rc6 Rxd7 38.Rxc5+ Bxc5 39.Bxd7  1/2-1/2

[Event "10th Open"]
[Site "Valle d'Aosta ITA"]
[Date "2002.02.12"]
[Round "4"]
[White "De Vreugt,D"]
[Black "Zichichi,A"]
[Result "1-0"]
[WhiteElo "2446"]
[BlackElo "2313"]

1.e4 c5 2.Nf3 e6 3.d4 cxd4 4.Nxd4 Nc6 5.Nc3 Qc7 6.f4 a6 7.Nxc6 bxc6 8.Bd3 d5
9.O-O Nf6 10.Qe2 Bb4 11.Bd2 O-O 12.Rae1 Re8 13.e5 Nd7 14.Rf3 g6 15.h4 Bf8
16.h5 Bg7 17.Rh3 Qb6+ 18.Kh2 Qxb2 19.hxg6 hxg6 20.Qg4 Nf8 21.Rh1 Qa3 22.Be1 f5
23.exf6 e5 24.Bxg6 Bxf6 25.f5  1-0